000 00284nam a2200133Ia 4500
100 _aGokarn/P.R.
942 _cBK
654 _aManagement
245 _aMaterials management
260 _bSomaiya Publications
_aBombay
_c1975
082 _a658.7
300 _a160
546 _aENGLISH
999 _c34059
_d34059